Не пропали без вести (Запись № 12686392)

Подробности
000 -МАРКЕР
контрольное поле 02718nam0a2200409 4500
001 - ИДЕНТИФИКАТОР ЗАПИСИ
контрольное поле RU\NLR\BIBL_A\012934774
005 - ИДЕНТИФИКАТОР ВЕРСИИ
контрольное поле 20250624232458.0
010 ## - МЕЖДУНАРОДНЫЙ СТАНДАРТНЫЙ НОМЕР КНИГИ (ISBN)
Номер (ISBN) 978-5-6047897-2-8
021 ## - НОМЕР ГОСУДАРСТВЕННОЙ РЕГИСТРАЦИИ
Код страны российская федерация
Номер 2022-64986
Номер Листа государственной регистраци КН-П-5634
035 ## - ДРУГИЕ СИСТЕМНЫЕ НОМЕРА
Идентификатор записи (RuMoRGB)011224995
035 ## - ДРУГИЕ СИСТЕМНЫЕ НОМЕРА
Идентификатор записи (NLR Aleph) 012934774
100 ## - ДАННЫЕ ОБЩЕЙ ОБРАБОТКИ
Данные общей обработки 20221109d2022 |||y0rusy50 ca
101 0# - ЯЗЫК РЕСУРСА
Язык текста, звукозаписи и т.д. русский
102 ## - СТРАНА ПУБЛИКАЦИИ ИЛИ ПРОИЗВОДСТВА
Страна публикации российская федерация
105 ## - ПОЛЕ КОДИРОВАННЫХ ДАННЫХ: ТЕКСТОВЫЕ МАТЕРИАЛЫ, МОНОГРАФИЧЕСКИЕ
Кодированные данные о монографическом текстовом документе h|||g|||010zd
181 #0 - ПОЛЕ КОДИРОВАННЫХ ДАННЫХ: ВИД СОДЕРЖАНИЯ
Код вида содержания (ISBD) i
Код характеристики содержания (ISBD) axxe
182 #0 - ПОЛЕ КОДИРОВАННЫХ ДАННЫХ: ТИП СРЕДСТВА
Код типа средства (ISBD) n - непосредственное
200 1# - ЗАГЛАВИЕ И СВЕДЕНИЯ ОБ ОТВЕТСТВЕННОСТИ
Основное заглавие Не пропали без вести
Сведения, относящиеся к заглавию сборник документальных уточняющих материалов к Книге Памяти Чувашской Республики
Первые сведения об ответственности Министерство образования и молодежной политики Чувашской Республики, АУ "Центр мониторинга и развития образования" г. Чебоксары
Последующие сведения об ответственности редакционная коллегия: ответственный редактор - О. В. Захарова [и др.]
203 ## - ВИД СОДЕРЖАНИЯ И ТИП СРЕДСТВА
Вид содержания Текст
Дополнительные сведения об издании визуальный
Тип средства непосредственный
210 ## - ПУБЛИКАЦИЯ, РАСПРОСТРАНЕНИЕ И ДР.
Место издания, распространения и т.д. Чебоксары
Имя издателя, распространителя и т. д. Перфектум
Дата издания, распространения и т.д. 2022
215 ## - ФИЗИЧЕСКАЯ ХАРАКТЕРИСТИКА
Специфическое обозначение материала и объем 136 с., [10] л. факс.
Размеры 30
300 ## - ОБЩИЕ ПРИМЕЧАНИЯ
Текст примечания На обороте тит. с.: К 80-летию начала Великой Отечественной войны
330 ## - РЕЗЮМЕ ИЛИ РЕФЕРАТ
Текст примечания В книгу внесены сведения о пропавших без вести солдатах - участниках Великой Отечественной войны, собранные чебоксарскими школьниками и руководителями поисковых отрядов города Чебоксары
606 1# - НАИМЕНОВАНИЕ ТЕМЫ КАК ПРЕДМЕТ
Наименование темы Великая Отечественная война
Формальный подзаголовок Книги памяти
Тематический подзаголовок Герои и героизм
Географический подзаголовок Чувашская АССР
Хронологический подзаголовок 1941 - 1945
Системный номер авторитетной/нормативной записи 2240665
Идентификатор авторитетной/нормативной записи RU\NLR\AUTH\661344537
675 ## - УНИВЕРСАЛЬНАЯ ДЕСЯТИЧНАЯ КЛАССИФИКАЦИЯ (UDC/УДК)
Индекс 371.83(470.344-25)(092)"1941/1945"(082)
Издание 4
686 ## - ИНДЕКСЫ ДРУГИХ КЛАССИФИКАЦИЙ
Индекс 74.27(2Рос.Чув)я43
Код системы
686 1# - ИНДЕКСЫ ДРУГИХ КЛАССИФИКАЦИЙ
Индекс Ц35(2)722-424д(2Р-6Чу),011
686 1# - ИНДЕКСЫ ДРУГИХ КЛАССИФИКАЦИЙ
Индекс Т3(2)722.782(2Р-6Чу),011
702 #1 - ИМЯ ЛИЦА - ВТОРИЧНАЯ ОТВЕТСТВЕННОСТЬ
Код отношения Редактор
Графика поля Кириллица
Материалы, к которым относится поле rus
Начальный элемент ввода Захарова
Часть имени, кроме начального элемента ввода О. В.
Дополнения к именам, кроме дат методист, школьное образование
Даты 1986-
Расширение инициалов личного имени Ольга Владимировна
Системный номер авторитетной/нормативной записи 249736
Идентификатор авторитетной/нормативной записи RU\NLR\AUTH\770249792
712 02 - НАИМЕНОВАНИЕ ОРГАНИЗАЦИИ - ВТОРИЧНАЯ ОТВЕТСТВЕННОСТЬ
Код отношения Прочие
Начальный элемент ввода Центр мониторинга и развития образования
Идентифицирующий признак Чебоксары
Системный номер авторитетной/нормативной записи 723207
Идентификатор авторитетной/нормативной записи RU\NLR\AUTH\880530592
942 ## - ДОПОЛНИТЕЛЬНЫЕ ЭЛЕМЕНТЫ ЗАПИСИ (АБИС)
Тип экземпляра АБИС Книга
980 ## - КОЛЛЕКЦИЯ
Название коллекции Национальная библиография
Экземпляры
Тип экземпляра Дата поступления Источник поступления Библиотека постоянного хранения Библиотека текущего хранения Место хранения Шифр хранения Штрих-код Статус не для выдачи
Книга 09.11.2022 Обязательный экземпляр РНБ (Московский) РНБ (Московский) Центральная справочная библиотека С 2022-5/94 1-4039696  
Книга 09.11.2022 Обязательный экземпляр РНБ (Московский) РНБ (Московский) Центральная справочная библиотека С 2022-5/94 1-4039697